Life's like that : scenes from Malaysian life

Bibliographic Details
Main Author: Teh,Lydia
Format: Book
Published: Selangor : Pelanduk Publication , 2004
Subjects:

MARC

LEADER 00000cam a2200000 7i4500
001 0000015310
005 20170528.0
008 080324
020 |a 9679788865 
020 |a 9789679788860 
090 0 0 |a 959.5   |b TEH 
100 1 |a Teh,Lydia 
245 1 0 |a Life's like that :   |b scenes from Malaysian life   |c Lydia Teh 
260 |a Selangor :   |b Pelanduk Publication ,   |c 2004 
650 0 |a Cultural sociology   |x Anecdotes 
650 0 |a Malaysian   |x Anecdotes 
650 0 |a Malaysia   |x Anecdotes 
999 |a 0001016991   |b Book   |c Adult Collection   |e Cawangan Batu Pahat 
999 |a 0001016993   |b Book   |c Adult Collection   |e Cawangan Urban Transformation Centre 
999 |a 0001459668   |b Book   |c Adult Collection   |e Perbadanan Perpustakaan Awam Johor